000 00579cam a22002053a 4500
001 40993
003 PGUSA
005 20140828083924.0
008 121009s2012||||xxu|||||s|||||000 | eng d
040 _aPGUSA
_beng
042 _adc
100 1 _aJones, Neil Ronald,
_d1909-1988
245 1 0 _aSpacewrecked on Venus
_h[electronic resource] /
_cNeil Ronald Jones
260 _bProject Gutenberg,
_c2012
506 _aPublic domain in the USA.
516 _aElectronic text
830 0 _aProject Gutenberg
_v40993
856 4 0 _uhttp://www.gutenberg.org/ebooks/40993
942 _cEB
999 _c270245
_d270245